000 00322nam a22001337a 4500
008 180314b xxu||||| |||| 00| 0 eng d
020 _a9781617310560
041 _aeng
080 _22nd
_a611
100 _a6
101 _aANA
245 _aExploring anatomy& physiology in the laboratory
_cAmerman,E.C
942 _2udc
_cBK
999 _c45005
_d45005